Bioshock All Plasmids - Statistics

General Stats
  • This quiz has been taken 74 times
  • The average score is 5 of 11
Answer Stats
Hint Plasmids % Correct
Sets target on fire, dealing lingering damage. Incinerate!
84%
Pulls the targeted object towards the user and allows them to throw it forward. Telekinesis
80%
Sends a jolt of electricity to electrocute an opponent or to open locked doors. Electro Bolt
78%
Causes target to attack anyone in the near vicinity. Enrage
51%
Tricks a "Protector" into thinking that the user is a Little Sister. Hypnotize Big Daddy
51%
Temporarily freezes the target, which could be shattered with a weapon. Winter Blast
45%
Spawns a mini-tornado which flings any Splicer who steps on it into the air. Cyclone Trap
24%
Spawns a swarm of bees, dealing lingering damage. Insect Swarm
22%
Causes all security devices in the area to attack the target. Security Bullseye
22%
Spawns a hologram that distracts any enemy. Target Dummy
22%
Creates a powerful burst of air in front of the user. Sonic Boom
18%
No matching quizzes found
Score Distribution
Percent of People with Each Score
Percentile by Number Answered
Your Score History
You have not taken this quiz